Miasta w Europie - nagła śmierć - Statystyki

Ogólne statystyki
  • Ten quiz został rozwiązany 142 razy
  • Średni wynik to 13 z 17
Answers on the Grid
Answers color-coded by a green-red scale on the quiz's grid according to % correct below.
Budapeszt
Quito
Vigo
Birmingham
Doha
Tunis
Ljubljana
Innsbruck
Rijeka
Pekin
Manila
Tallinn
Ułan Bator
Lublin
Dijon
Kapsztad
Trnawa
Nowy Sad
Abidżan
Perth
Melbourne
Skopje
Razgrad
Aleksandria
Odessa
Tyraspol
Casablanca
Algier
Caernarfon
Reykjavik
 
Statystyki odpowiedzi
Odpowiedź % Poprawnych
Budapeszt
99%
Ljubljana
92%
Lublin
92%
Birmingham
91%
Nowy Sad
87%
Skopje
86%
Tallinn
86%
Reykjavik
84%
Innsbruck
79%
Rijeka
77%
Odessa
74%
Trnawa
73%
Dijon
66%
Tyraspol
66%
Vigo
65%
Razgrad
57%
Caernarfon
43%
Nie znaleziono quizów pasujących do podanych kryteriów
Rozkład punktacji
Procent ludzi z każdym wynikiem
Percentyl według liczby udzielonych odpowiedzi
Twoja historia wyników
Nie rozwiązałeś tego quizu